[Event "I Open Parco del Taro"]
[Site "Collecchio ITA"]
[Date "2004.03.13"]
[Round "3"]
[White "Taglialatela, Massimiliano"]
[Black "Franco, Antonello"]
[Result "1/2-1/2"]
[WhiteElo "1500"]
[BlackElo "1738"]
[PlyCount "95"]
[EventDate "2004.03.12"]

1. e4 e5 2. Nf3 Nf6 3. Nxe5 d6 4. Nf3 Nxe4 5. d4 d5 6. Bd3 Bd6 7. c4 Bb4+ 8.
Nbd2 O-O 9. O-O Nxd2 10. Bxd2 Bxd2 11. Qxd2 dxc4 12. Bxc4 Nd7 13. Rfe1 Nb6 14.
Bb3 Qd6 15. Ne5 Bd7 16. Qe2 Rad8 17. Qf3 Be6 18. Bxe6 fxe6 19. Qxb7 Qxd4 20.
Nf3 Qxb2 21. Qxc7 Rd7 22. Qe5 Qxe5 23. Rxe5 Kf7 24. Rae1 Re8 25. Ng5+ Kf6 26.
Nxh7+ Kg6 27. Ng5 Kf6 28. f4 Rd4 29. Nxe6 Rxf4 30. Nxf4 Rxe5 31. Rxe5 Kxe5 32.
Ne2 Nd5 33. Kf2 a5 34. Kf3 Nb4 35. Nc1 a4 36. Ke3 Kd5 37. h4 Kc4 38. Kd2 Kd4
39. a3 Nd5 40. g3 Kc4 41. Kc2 Ne3+ 42. Kb2 Nd1+ 43. Kc2 Ne3+ 44. Kb2 Nf5 45.
Ne2 Kd3 46. Nf4+ Ke4 47. Nh5 Kf3 48. Nxg7 1/2-1/2

[Event "I Open Parco del Taro"]
[Site "Collecchio ITA"]
[Date "2004.03.13"]
[Round "3"]
[White "Vezzosi, Paolo"]
[Black "Ronchetti, Niccolo'"]
[Result "0-1"]
[WhiteElo "2355"]
[BlackElo "2219"]
[PlyCount "102"]
[EventDate "2004.03.12"]

1. Nf3 Nf6 2. c4 c6 3. b3 d5 4. Bb2 Bf5 5. d3 e6 6. Nh4 Bg4 7. h3 Bh5 8. g4 Bg6
9. Nd2 Nbd7 10. Bg2 Bc5 11. d4 Bd6 12. Nxg6 hxg6 13. Qc2 Qe7 14. O-O-O a5 15.
e4 dxe4 16. Nxe4 Nxe4 17. Bxe4 a4 18. c5 Bf4+ 19. Kb1 axb3 20. Qxb3 Rb8 21. Qf3
Bc7 22. Bc2 Nf6 23. h4 Nd5 24. h5 g5 25. Bb3 Rh6 26. Qd3 Qd7 27. f3 Kf8 28.
Rhe1 Bg3 29. Rg1 Bh2 30. Rh1 Bc7 31. Rc1 Bf4 32. Rc4 g6 33. Ba3 Kg7 34. Ra4
Rbh8 35. Ra7 gxh5 36. gxh5 Rxh5 37. Rd1 Rh1 38. Bb2 Ne3 39. Rc1 Rxc1+ 40. Bxc1
Rh1 41. Kb2 Nd5 42. Bxf4 Nxf4 43. Qe4 Rh2+ 44. Bc2 Qc7 45. a4 Qb8 46. Qe5+ Qxe5
47. dxe5 Nd3+ 48. Kc3 Nxc5 49. a5 Rf2 50. Rxb7 Rxf3+ 51. Kb2 Nxb7 0-1

[Event "I Open Parco del Taro"]
[Site "Collecchio ITA"]
[Date "2004.03.14"]
[Round "4"]
[White "Bonade', Massimo"]
[Black "Prati, Alessandro"]
[Result "1-0"]
[WhiteElo "2044"]
[BlackElo "1633"]
[PlyCount "77"]
[EventDate "2004.03.12"]

1. d4 f5 2. g3 Nf6 3. Bg2 g6 4. Nf3 Bg7 5. O-O O-O 6. c4 d6 7. Nc3 Qe8 8. d5
Na6 9. Rb1 Bd7 10. b4 c6 11. Nd4 Nc7 12. dxc6 bxc6 13. b5 c5 14. Nc6 Qf7 15. a4
Bxc6 16. Bxc6 Rab8 17. Qd3 Rfd8 18. a5 Kh8 19. Bg5 Ng4 20. Nd5 Ne5 21. Qc2 Nxc6
22. bxc6 Rxb1 23. Rxb1 Nxd5 24. cxd5 Qxd5 25. c7 Rc8 26. Rb8 Qe6 27. Qb3 Qxb3
28. Rxc8+ Bf8 29. Rxf8+ Kg7 30. c8=Q Qb1+ 31. Bc1 Qxc1+ 32. Kg2 Qc4 33. Qa8 d5
34. Rg8+ Kh6 35. Qf8+ Kh5 36. Qxe7 Qe4+ 37. Qxe4 fxe4 38. Rc8 c4 39. Rc5 1-0

[Event "I Open Parco del Taro"]
[Site "Collecchio ITA"]
[Date "2004.03.14"]
[Round "4"]
[White "Bonugli, Carlo"]
[Black "Salami, Marco"]
[Result "0-1"]
[WhiteElo "2056"]
[BlackElo "2172"]
[PlyCount "72"]
[EventDate "2004.03.12"]

1. e4 e6 2. d3 d5 3. Qe2 Be7 4. Nf3 Nf6 5. g3 b6 6. e5 Nfd7 7. Bg2 Bb7 8. O-O
c5 9. c4 dxc4 10. dxc4 Nc6 11. Rd1 Qc7 12. Bf4 h6 13. h4 g5 14. hxg5 hxg5 15.
Nxg5 Bxg5 16. Bxg5 Nd4 17. Rxd4 cxd4 18. Nd2 d3 19. Qxd3 Bxg2 20. Kxg2 Nxe5 21.
Qe4 Qc6 22. Bf6 Qxe4+ 23. Nxe4 Rh5 24. Rc1 Kd7 25. b3 Nc6 26. Rd1+ Kc7 27. Nc3
a6 28. Ne4 b5 29. c5 Nb4 30. f4 Rd5 31. Rxd5 exd5 32. Nc3 Kc6 33. a3 Nc2 34.
Kf3 Re8 35. Ne2 Re3+ 36. Kf2 Rxb3 0-1

[Event "I Open Parco del Taro"]
[Site "Collecchio ITA"]
[Date "2004.03.14"]
[Round "4"]
[White "Cottarelli, Franco"]
[Black "Marcori, Mirko"]
[Result "1/2-1/2"]
[WhiteElo "1932"]
[BlackElo "1573"]
[PlyCount "86"]
[EventDate "2004.03.12"]

1. e4 e6 2. d4 d5 3. Nc3 Bb4 4. e5 c5 5. Bd2 cxd4 6. Nb5 Bc5 7. b4 a6 8. bxc5
axb5 9. Bxb5+ Bd7 10. a4 Ne7 11. Nf3 Ng6 12. Bb4 Nc6 13. Bxc6 Bxc6 14. a5 O-O
15. O-O Qc7 16. Qxd4 Rfc8 17. Rfe1 Ne7 18. Qd3 Ng6 19. Bd2 Ra6 20. h4 Be8 21.
h5 Nf8 22. Bb4 Rc6 23. Nd4 Rxc5 24. Bxc5 Qxc5 25. Re3 Ra8 26. Nb3 Qb4 27. Qc3
Qh4 28. Rh3 Qg5 29. h6 g6 30. Rf1 Bc6 31. f4 Qd8 32. Rg3 Rc8 33. Qb4 Qh4 34.
Rh3 Qd8 35. Nd4 Bd7 36. c3 Rc4 37. Qd6 Ra4 38. Rb1 Rxa5 39. Rxb7 Ra8 40. Kh2
Qe8 41. Qb6 Rc8 42. Qa7 Ra8 43. Qb6 Rc8 1/2-1/2

[Event "I Open Parco del Taro"]
[Site "Collecchio ITA"]
[Date "2004.03.14"]
[Round "4"]
[White "Franco, Antonello"]
[Black "Terbonati, Paolo"]
[Result "1/2-1/2"]
[WhiteElo "1738"]
[BlackElo "1554"]
[PlyCount "88"]
[EventDate "2004.03.12"]

1. d4 Nf6 2. Nf3 g6 3. Bf4 Bg7 4. h3 b6 5. e3 Bb7 6. Be2 O-O 7. O-O c5 8. c3 d5
9. a4 Nbd7 10. Nbd2 Ne8 11. a5 Nd6 12. Qc2 Nf6 13. Ne5 c4 14. Bd1 b5 15. a6 Bc8
16. Nc6 Qc7 17. Nb4 Bf5 18. Qc1 Qb6 19. Be2 Nde4 20. Bf3 Rad8 21. g4 Nxd2 22.
Qxd2 Be4 23. Be2 h6 24. f3 g5 25. fxe4 gxf4 26. exd5 fxe3 27. Qxe3 Nxd5 28.
Nxd5 Rxd5 29. Kg2 Rd6 30. Bf3 Re6 31. Qf4 Rf6 32. Qe4 Re6 33. Qb7 Rb8 34. Qxb6
Rbxb6 35. Bb7 Re2+ 36. Rf2 Rbe6 37. Raf1 b4 38. Rxe2 Rxe2+ 39. Rf2 Re3 40. Rc2
bxc3 41. bxc3 e5 42. h4 exd4 43. cxd4 Bxd4 44. Rxc4 Bb6 1/2-1/2

[Event "I Open Parco del Taro"]
[Site "Collecchio ITA"]
[Date "2004.03.14"]
[Round "4"]
[White "Gabelli, Giuseppe"]
[Black "Rigo, Gianfrancesco"]
[Result "0-1"]
[WhiteElo "1606"]
[BlackElo "2033"]
[PlyCount "104"]
[EventDate "2004.03.12"]

1. d4 Nf6 2. Nf3 g6 3. Bg5 Bg7 4. Nbd2 d6 5. e4 O-O 6. c3 c6 7. Be2 Nbd7 8. O-O
h6 9. Bf4 g5 10. Be3 Ng4 11. Re1 Nxe3 12. fxe3 e6 13. Nf1 Nf6 14. Qd3 Qe7 15.
e5 Nd5 16. exd6 Qxd6 17. Ng3 Nf6 18. Bd1 Rd8 19. Bc2 c5 20. e4 Qa6 21. c4 e5
22. d5 Qd6 23. Rf1 Bd7 24. a4 b6 25. Rf2 a6 26. Raf1 Ng4 27. Rd2 b5 28. b3 bxa4
29. bxa4 Rab8 30. Nh5 Bh8 31. h3 Nf6 32. Ng3 Rb4 33. Ra1 a5 34. Rf2 Ne8 35. Nd2
Qg6 36. Qe3 Rc8 37. Bd1 Nd6 38. Bh5 Qh7 39. Rff1 f5 40. exf5 Bxf5 41. Nxf5 Nxf5
42. Qe4 Nd6 43. Qg4 Qe7 44. Bf7+ Kh7 45. Qh5 Bg7 46. Qg6+ Kh8 47. Be6 Rf8 48.
Rxf8+ Qxf8 49. Rf1 Qe7 50. Bf5 Bf8 51. Bg4 Bg7 52. Bd1 e4 0-1

[Event "I Open Parco del Taro"]
[Site "Collecchio ITA"]
[Date "2004.03.14"]
[Round "4"]
[White "Ghirardi, Gianfranco"]
[Black "Mantovani, Mario"]
[Result "0-1"]
[WhiteElo "1597"]
[BlackElo "1480"]
[PlyCount "98"]
[EventDate "2004.03.12"]

1. b3 Nf6 2. Bb2 e6 3. f4 d5 4. Nf3 c5 5. e3 Nc6 6. Be2 d4 7. O-O Qb6 8. Ne5
dxe3 9. Nxc6 Qxc6 10. Bf3 Qb6 11. dxe3 Be7 12. c4 O-O 13. Nc3 a6 14. e4 Rd8 15.
Qe2 Bd7 16. Nd5 exd5 17. cxd5 Bb5 18. Qf2 Bxf1 19. Rxf1 Qa7 20. Qg3 Ne8 21. e5
c4+ 22. Kh1 cxb3 23. axb3 Qb6 24. f5 Qh6 25. Qf2 Rab8 26. Be4 b6 27. Bc1 Bg5
28. Bxg5 Qxg5 29. Qf3 Rbc8 30. g3 Rc1 31. Kg2 Rxf1 32. Kxf1 Qd2 33. Qe2 Qxe2+
34. Kxe2 Kf8 35. g4 Nc7 36. d6 Nb5 37. Bb7 a5 38. b4 a4 39. Kd3 a3 40. Kc2 Nd4+
41. Kb1 Rd7 42. Bd5 Ra7 43. Ka2 Nc2 44. Bb3 Nxb4+ 45. Ka1 Ra5 46. e6 fxe6 47.
fxe6 Re5 48. e7+ Ke8 49. Ba4+ b5 0-1

[Event "I Open Parco del Taro"]
[Site "Collecchio ITA"]
[Date "2004.03.14"]
[Round "4"]
[White "Grillo, Francesco"]
[Black "Gualtieri, Primo"]
[Result "1/2-1/2"]
[WhiteElo "1669"]
[BlackElo "1522"]
[PlyCount "79"]
[EventDate "2004.03.12"]

1. d4 Nf6 2. c4 g6 3. Nc3 Bg7 4. e4 d6 5. Be2 O-O 6. Bg5 b6 7. Qd2 c5 8. d5 Ba6
9. Bh6 Bxh6 10. Qxh6 Nbd7 11. f4 Re8 12. Nf3 Ng4 13. Qh3 Ne3 14. Ng5 h6 15.
Qxh6 Nf8 16. Kf2 Nc2 17. Rac1 Nd4 18. h4 e5 19. h5 Qf6 20. f5 Qg7 21. hxg6 fxg6
22. Qxg7+ Kxg7 23. g4 Nxe2 24. Nxe2 b5 25. cxb5 Bxb5 26. Rc3 Rab8 27. b3 Rec8
28. Nf3 a5 29. Rhc1 Nd7 30. fxg6 Nf6 31. Nd2 Nxg4+ 32. Kg3 Bxe2 33. Re1 Bb5 34.
Kxg4 Kxg6 35. Rg1 Rf8 36. Kh3+ Kf6 37. Rf3+ Ke7 38. Rg7+ Ke8 39. Rxf8+ Kxf8 40.
Ra7 1/2-1/2

[Event "I Open Parco del Taro"]
[Site "Collecchio ITA"]
[Date "2004.03.14"]
[Round "4"]
[White "Guaglianone, Mario"]
[Black "Losi, Renzo"]
[Result "1/2-1/2"]
[WhiteElo "2164"]
[BlackElo "1789"]
[PlyCount "80"]
[EventDate "2004.03.12"]

1. Nf3 d5 2. g3 Nf6 3. Bg2 e6 4. O-O Bd6 5. d3 O-O 6. Nbd2 Nbd7 7. e4 c6 8. Qe2
e5 9. Nh4 Re8 10. Nf5 Bf8 11. g4 dxe4 12. dxe4 Nc5 13. g5 Nfxe4 14. Bxe4 Nxe4
15. Qxe4 Qxg5+ 16. Ng3 f5 17. Nf3 Qxg3+ 18. hxg3 fxe4 19. Ng5 Bf5 20. Re1 Rad8
21. Nxe4 Bxe4 22. Rxe4 Rd1+ 23. Kg2 g6 24. b3 Bc5 25. Rc4 Bd4 26. c3 Bb6 27.
Re4 Kf7 28. Re2 Ke6 29. Bb2 Rxa1 30. Bxa1 Kf5 31. Bb2 h5 32. Bc1 Rd8 33. f3 Rd3
34. c4 g5 35. g4+ hxg4 36. fxg4+ Kxg4 37. Rxe5 Rg3+ 38. Kh2 Kh4 39. Re7 Rh3+
40. Kg2 Rg3+ 1/2-1/2

[Event "I Open Parco del Taro"]
[Site "Collecchio ITA"]
[Date "2004.03.14"]
[Round "4"]
[White "Guglielmi, Gabriele"]
[Black "Taglialatela, Massimiliano"]
[Result "1-0"]
[WhiteElo "1645"]
[BlackElo "1500"]
[PlyCount "57"]
[EventDate "2004.03.12"]

1. e4 e5 2. Bc4 Nf6 3. Nf3 Nxe4 4. Qe2 d5 5. Nxe5 Be6 6. O-O Bd6 7. d4 O-O 8.
f3 Ng3 9. hxg3 dxc4 10. f4 Bxe5 11. dxe5 Nc6 12. Be3 Nd4 13. Qf2 Nf5 14. Bc5
Ne7 15. Nc3 b6 16. Rad1 Qe8 17. Bxe7 Qxe7 18. f5 Bc8 19. Qf4 g5 20. Qe4 Ba6 21.
Nd5 Qc5+ 22. Kh2 Rfd8 23. f6 Kh8 24. Ne7 Re8 25. Rf5 h6 26. Rxg5 hxg5 27. Qg4
Rxe7 28. Qh5+ Kg8 29. Qxg5+ 1-0

[Event "I Open Parco del Taro"]
[Site "Collecchio ITA"]
[Date "2004.03.14"]
[Round "4"]
[White "Panizzi, Giuseppe"]
[Black "Vezzosi, Paolo"]
[Result "0-1"]
[WhiteElo "1871"]
[BlackElo "2355"]
[PlyCount "56"]
[EventDate "2004.03.12"]

1. d4 Nf6 2. Nf3 e6 3. Bg5 c5 4. e3 Nc6 5. c3 b6 6. Bd3 Bb7 7. O-O Be7 8. e4
Nxe4 9. Bxe7 Nxe7 10. Qe2 Nf6 11. dxc5 bxc5 12. Nbd2 O-O 13. Nc4 Qc7 14. Rad1
Rab8 15. Bb1 Bxf3 16. gxf3 d5 17. Ne5 Ng6 18. Bxg6 hxg6 19. f4 c4 20. Rd2 Rb7
21. f3 Nh5 22. Nxg6 fxg6 23. Qxe6+ Qf7 24. f5 Nf4 25. Qxf7+ Kxf7 26. fxg6+ Kxg6
27. Re1 Kf5 28. Re3 g5 0-1

[Event "I Open Parco del Taro"]
[Site "Collecchio ITA"]
[Date "2004.03.14"]
[Round "4"]
[White "Pasini, Davide"]
[Black "Ruggeri, Dario"]
[Result "1-0"]
[WhiteElo "1594"]
[BlackElo "1759"]
[PlyCount "63"]
[EventDate "2004.03.12"]

1. Nf3 c6 2. g3 d5 3. Bg2 Nf6 4. d4 h6 5. O-O Na6 6. c4 Bf5 7. Nc3 e6 8. a3 Be7
9. Nd2 O-O 10. e4 dxe4 11. Ndxe4 Nxe4 12. Nxe4 Bxe4 13. Bxe4 Bf6 14. Be3 Qe7
15. Qh5 Rfd8 16. Rad1 Qf8 17. g4 g6 18. Qh3 Bg7 19. f4 Rd7 20. f5 exf5 21. gxf5
Re7 22. Bb1 Rae8 23. Bc1 f6 24. fxg6 Nc7 25. Bf4 Ne6 26. Bd6 Ng5 27. Qf5 Rd8
28. Bxe7 Qxe7 29. Rfe1 Qc7 30. Re3 Qb6 31. Red3 Qxb2 32. h4 1-0

[Event "I Open Parco del Taro"]
[Site "Collecchio ITA"]
[Date "2004.03.14"]
[Round "4"]
[White "Rigo, Filippo"]
[Black "Potenza, Gaetano"]
[Result "0-1"]
[WhiteElo "1567"]
[BlackElo "1528"]
[PlyCount "34"]
[EventDate "2004.03.12"]

1. f4 d5 2. Nf3 Nc6 3. e3 Nf6 4. b3 Bg4 5. Be2 e6 6. Bb2 Be7 7. Ne5 Nxe5 8.
Bxe5 Bxe2 9. Qxe2 Bd6 10. Bb2 a6 11. Nc3 Qe7 12. O-O O-O-O 13. d3 h5 14. e4
Bc5+ 15. Kh1 Ng4 16. h3 Qh4 17. Nd1 Qg3 0-1

[Event "I Open Parco del Taro"]
[Site "Collecchio ITA"]
[Date "2004.03.14"]
[Round "4"]
[White "Ronchetti, Niccolo'"]
[Black "Pelagatti, Alessandro"]
[Result "1-0"]
[WhiteElo "2219"]
[BlackElo "1969"]
[PlyCount "53"]
[EventDate "2004.03.12"]

1. e4 g6 2. d4 Bg7 3. Nc3 d6 4. f4 Nc6 5. Be3 Nf6 6. Be2 O-O 7. Nf3 e6 8. O-O
b6 9. Kh1 Ne7 10. Nd2 Bb7 11. Bf3 c5 12. Ne2 d5 13. e5 Nd7 14. c3 Rc8 15. Rg1
Nc6 16. Rc1 cxd4 17. cxd4 Qe7 18. Nc3 Qb4 19. Nb3 Na5 20. Nxa5 Qxa5 21. Bd2 Qa6
22. Be2 Qa5 23. a3 b5 24. Nxb5 Qb6 25. Bb4 Rxc1 26. Qxc1 Rc8 27. Qd2 1-0

[Event "I Open Parco del Taro"]
[Site "Collecchio ITA"]
[Date "2004.03.14"]
[Round "5"]
[White "Bocci, Alessandro"]
[Black "Guglielmi, Gabriele"]
[Result "1/2-1/2"]
[WhiteElo "1618"]
[BlackElo "1645"]
[PlyCount "89"]
[EventDate "2004.03.12"]

1. d4 Nf6 2. Nf3 g6 3. c4 c5 4. d5 b5 5. cxb5 a6 6. bxa6 Bxa6 7. Nc3 Bg7 8. e4
Bxf1 9. Kxf1 d6 10. g3 Nbd7 11. Kg2 O-O 12. Re1 Ng4 13. Re2 Nge5 14. Nxe5 Nxe5
15. Qc2 Qb6 16. Bg5 Ra7 17. b3 h6 18. Bf4 Rfa8 19. Rc1 Qa6 20. Bxe5 Bxe5 21.
Na4 Qb7 22. h4 Bg7 23. h5 Rf8 24. hxg6 fxg6 25. Qd3 Bd4 26. Nc3 Qa8 27. a4 e5
28. dxe6 Re7 29. Nd5 Rb7 30. e7 Rf7 31. Rh1 Kg7 32. Rh4 Bf6 33. Nxf6 Rxf6 34.
Rf4 Rxf4 35. gxf4 Rxe7 36. f3 Qb8 37. Rd2 d5 38. Qc3+ Kh7 39. Qxc5 Rf7 40. Qxd5
Qxf4 41. Rd3 Rc7 42. Rd2 h5 43. Qd6 Qg5+ 44. Kf2 Rc1 45. Ke2 1/2-1/2

[Event "I Open Parco del Taro"]
[Site "Collecchio ITA"]
[Date "2004.03.14"]
[Round "5"]
[White "Di Giuseppe, Giovanni"]
[Black "Gabelli, Giuseppe"]
[Result "1/2-1/2"]
[WhiteElo "1639"]
[BlackElo "1606"]
[PlyCount "70"]
[EventDate "2004.03.12"]

1. d4 d5 2. Nf3 c5 3. e3 Nc6 4. c3 Bg4 5. Nbd2 e6 6. Bd3 Nf6 7. O-O cxd4 8.
exd4 Bd6 9. Qc2 O-O 10. Re1 Rc8 11. Qb1 Qc7 12. Be2 a6 13. g3 b5 14. a3 Bf5 15.
Bd3 Bxd3 16. Qxd3 Rfe8 17. Nf1 Bf8 18. Bf4 Bd6 19. Bxd6 Qxd6 20. Ne5 Na5 21.
Nd2 Nd7 22. Ndf3 f6 23. Ng4 Qe7 24. Re2 Qf7 25. Rae1 Nc4 26. Ne3 Qh5 27. Ng2 e5
28. dxe5 Kh8 29. Qxd5 Ndxe5 30. Nxe5 Nxe5 31. Re3 Red8 32. Nf4 Qh6 33. Qe6 Re8
34. Qd5 Rcd8 35. Qe4 g5 1/2-1/2

[Event "I Open Parco del Taro"]
[Site "Collecchio ITA"]
[Date "2004.03.14"]
[Round "5"]
[White "Gualtieri, Primo"]
[Black "Ruggeri, Dario"]
[Result "0-1"]
[WhiteElo "1522"]
[BlackElo "1759"]
[PlyCount "42"]
[EventDate "2004.03.12"]

1. a3 e5 2. c4 Nf6 3. Nc3 a6 4. Nf3 Nc6 5. g3 Bc5 6. Bg2 d6 7. d3 h6 8. b4 Ba7
9. b5 axb5 10. cxb5 Nd4 11. Be3 Nxf3+ 12. Bxf3 Bxe3 13. fxe3 d5 14. Qb3 Be6 15.
Qb4 Qe7 16. Qb2 O-O 17. b6 cxb6 18. Qxb6 Rxa3 19. Rxa3 Qxa3 20. Nb5 Qb4+ 21.
Kf2 Nd7 0-1

[Event "I Open Parco del Taro"]
[Site "Collecchio ITA"]
[Date "2004.03.14"]
[Round "5"]
[White "Losi, Renzo"]
[Black "Panizzi, Giuseppe"]
[Result "0-1"]
[WhiteElo "1789"]
[BlackElo "1871"]
[PlyCount "82"]
[EventDate "2004.03.12"]

1. e4 c5 2. Nf3 Nc6 3. d4 cxd4 4. c3 dxc3 5. Nxc3 d6 6. Bc4 e6 7. O-O a6 8. Qe2
Be7 9. Rd1 Qc7 10. Bf4 Ne5 11. Nxe5 dxe5 12. Be3 Nf6 13. Rac1 Qa5 14. Bb3 O-O
15. g4 b5 16. g5 Nd7 17. Qh5 Nc5 18. Nd5 exd5 19. Bxd5 g6 20. Qh4 Nb7 21. Bxb7
Bxb7 22. Rd7 Rac8 23. Rxc8 Bxc8 24. Rxe7 Be6 25. a3 Qe1+ 26. Kg2 Qe2 27. b4 Bc4
28. h3 Qf1+ 29. Kh2 Be6 30. Ra7 Rc8 31. Bc5 Qd3 32. Rxa6 Qf3 33. Ra7 Bc4 34.
Re7 Be6 35. Bd6 Qc3 36. Qh6 Qd4 37. Bc5 Qxe4 38. Rxe6 fxe6 39. Be7 Qf3 40. Bc5
Rd8 41. h4 Rd1 0-1

[Event "I Open Parco del Taro"]
[Site "Collecchio ITA"]
[Date "2004.03.14"]
[Round "5"]
[White "Mantovani, Mario"]
[Black "Franco, Antonello"]
[Result "0-1"]
[WhiteElo "1480"]
[BlackElo "1738"]
[PlyCount "88"]
[EventDate "2004.03.12"]

1. d4 d5 2. Bf4 Nf6 3. Nf3 e6 4. e3 Bd6 5. Bg3 O-O 6. Bd3 c5 7. c3 Nc6 8. a3
cxd4 9. cxd4 Bxg3 10. hxg3 h6 11. Nbd2 Re8 12. Bb5 Qb6 13. Qa4 Bd7 14. Rc1 a6
15. Bxc6 Bxc6 16. Qb3 Qxb3 17. Nxb3 Bb5 18. Ne5 Rec8 19. f3 Ne8 20. Kd2 Nd6 21.
Rxc8+ Rxc8 22. Rc1 Rxc1 23. Nxc1 f6 24. Ng4 Nf5 25. Ne2 Bxe2 26. Kxe2 Nxg3+ 27.
Kf2 Nf5 28. Nh2 Nd6 29. b3 Kf7 30. Nf1 e5 31. dxe5 fxe5 32. Nd2 Ke6 33. Kg3 Kf5
34. Kf2 h5 35. g3 e4 36. f4 Kg4 37. a4 Nf5 38. Nf1 Ne7 39. Nh2+ Kf5 40. Nf1 Kg4
41. Nh2+ Kh3 42. Nf1 a5 43. Nd2 Nf5 44. Nf1 b6 0-1

[Event "I Open Parco del Taro"]
[Site "Collecchio ITA"]
[Date "2004.03.14"]
[Round "5"]
[White "Marcori, Mirko"]
[Black "Bonugli, Carlo"]
[Result "0-1"]
[WhiteElo "1573"]
[BlackElo "2056"]
[PlyCount "50"]
[EventDate "2004.03.12"]

1. Nf3 Nf6 2. d4 c5 3. c3 e6 4. e3 d5 5. Nbd2 Nc6 6. Bd3 Be7 7. O-O O-O 8. Ne5
Nd7 9. f4 f5 10. Ndf3 Nf6 11. Bd2 Nxe5 12. Nxe5 Bd7 13. Nxd7 Qxd7 14. Rf3 Ne4
15. Be1 c4 16. Bc2 b5 17. Rh3 Qe8 18. a4 a6 19. axb5 axb5 20. Rxa8 Qxa8 21.
Bxe4 fxe4 22. Qb1 Qa4 23. g4 Ra8 24. Rg3 Bh4 25. Rg2 Qa1 0-1

[Event "I Open Parco del Taro"]
[Site "Collecchio ITA"]
[Date "2004.03.14"]
[Round "5"]
[White "Pelagatti, Alessandro"]
[Black "Guaglianone, Mario"]
[Result "1-0"]
[WhiteElo "1969"]
[BlackElo "2164"]
[PlyCount "61"]
[EventDate "2004.03.12"]

1. d4 Nf6 2. Nf3 g6 3. c4 Bg7 4. Nc3 O-O 5. e4 d6 6. Be2 Nbd7 7. O-O e5 8. Be3
c6 9. d5 c5 10. Ne1 Ne8 11. g4 h6 12. Kh1 a6 13. Rg1 g5 14. a3 Nc7 15. b4 b5
16. cxb5 axb5 17. Nxb5 Nxb5 18. Bxb5 cxb4 19. axb4 Rb8 20. Qe2 f5 21. gxf5 Nf6
22. f3 Nh5 23. Ng2 Bd7 24. Bxd7 Qxd7 25. Ra7 Qb5 26. Qxb5 Rxb5 27. Rd7 Rxb4 28.
Rxd6 Ra8 29. Rc6 Rb3 30. Rd1 Raa3 31. d6 1-0

[Event "I Open Parco del Taro"]
[Site "Collecchio ITA"]
[Date "2004.03.14"]
[Round "5"]
[White "Potenza, Gaetano"]
[Black "Cottarelli, Franco"]
[Result "1/2-1/2"]
[WhiteElo "1528"]
[BlackElo "1932"]
[PlyCount "76"]
[EventDate "2004.03.12"]

1. e4 c6 2. d4 d5 3. Nc3 dxe4 4. Nxe4 Bf5 5. Ng3 Bg6 6. Bc4 e6 7. N1e2 Bd6 8.
Bf4 Nf6 9. O-O h5 10. Re1 h4 11. Nf1 h3 12. g3 Bh5 13. Qd2 Nd5 14. Bb3 Bxe2 15.
Rxe2 Bxf4 16. gxf4 g6 17. c4 Nc7 18. d5 Qh4 19. Rd1 cxd5 20. cxd5 O-O 21. dxe6
fxe6 22. Qd6 Qxf4 23. Bxe6+ Nxe6 24. Qxe6+ Qf7 25. Rd6 Nc6 26. Qxg6+ Qxg6+ 27.
Rxg6+ Kh7 28. Rg3 Rg8 29. Rd2 Ne5 30. Rd5 Rxg3+ 31. fxg3 Re8 32. Kf2 Kg6 33.
Ne3 Rf8+ 34. Ke2 Re8 35. b3 Ng4 36. Rd6+ Kg5 37. Rd5+ Kg6 38. Rd6+ Kg5 1/2-1/2

[Event "I Open Parco del Taro"]
[Site "Collecchio ITA"]
[Date "2004.03.14"]
[Round "5"]
[White "Prati, Alessandro"]
[Black "Monti, Giuseppe"]
[Result "1-0"]
[WhiteElo "1633"]
[BlackElo "1467"]
[PlyCount "111"]
[EventDate "2004.03.12"]

1. d4 d5 2. Nf3 Nf6 3. e3 e6 4. Bd3 c5 5. b3 Bd6 6. Bb2 O-O 7. O-O b6 8. c4 Bb7
9. Nc3 Nbd7 10. Rc1 Rc8 11. h3 h6 12. Nb5 Bb8 13. Ne5 a6 14. Nxd7 Qxd7 15. Na3
Qd6 16. g3 Qc6 17. Qf3 Qc7 18. cxd5 Bxd5 19. e4 Bb7 20. dxc5 Nh7 21. Qg4 g6 22.
cxb6 Qxb6 23. Nc4 Qd8 24. Rfd1 Qg5 25. Qe2 Ba7 26. Kh2 Rfd8 27. Bb1 Bb8 28.
Rxd8+ Rxd8 29. Rd1 Rxd1 30. Qxd1 Ba7 31. Kg2 Qc5 32. Qd8+ Nf8 33. Qf6 e5 34.
Bxe5 Qxf2+ 35. Qxf2 Bxf2 36. Kxf2 Nd7 37. Bf4 h5 38. Nd6 Ba8 39. Bd3 Nc5 40.
Ke3 a5 41. Bc4 Bc6 42. Nxf7 Be8 43. Nd6+ Kf8 44. Nxe8 Kxe8 45. Kd4 Nb7 46. a3
a4 47. Bb5+ Kf7 48. Bxa4 Kf6 49. h4 Ke6 50. b4 Nd8 51. Bb3+ Kd7 52. b5 Nb7 53.
Bf7 g5 54. hxg5 h4 55. gxh4 Nd8 56. g6 1-0

[Event "I Open Parco del Taro"]
[Site "Collecchio ITA"]
[Date "2004.03.14"]
[Round "5"]
[White "Rigo, Gianfrancesco"]
[Black "Bonade', Massimo"]
[Result "1-0"]
[WhiteElo "2033"]
[BlackElo "2044"]
[PlyCount "47"]
[EventDate "2004.03.12"]

1. e4 c5 2. Nf3 d6 3. d4 cxd4 4. Nxd4 Nf6 5. Nc3 a6 6. Bc4 e6 7. Bb3 b5 8. O-O
Be7 9. Qf3 Qc7 10. Bg5 Nbd7 11. Qh3 Nc5 12. Rfe1 b4 13. Na4 Ncxe4 14. Rxe4 Nxe4
15. Bxe7 Qxe7 16. Nb6 Qf6 17. Qe3 Bb7 18. Ba4+ Ke7 19. Bc6 Rab8 20. Qxe4 Qe5
21. Qd3 Qc5 22. Nd7 Qa7 23. Qe3 Qa8 24. Qg5+ 1-0

[Event "I Open Parco del Taro"]
[Site "Collecchio ITA"]
[Date "2004.03.14"]
[Round "5"]
[White "Taglialatela, Massimiliano"]
[Black "Rigo, Filippo"]
[Result "0-1"]
[WhiteElo "1500"]
[BlackElo "1567"]
[PlyCount "62"]
[EventDate "2004.03.12"]

1. e4 e6 2. d4 b6 3. Nc3 Bb7 4. Bd3 Bb4 5. Bd2 Nf6 6. Qe2 d6 7. d5 exd5 8. Bb5+
Nbd7 9. exd5+ Qe7 10. Qxe7+ Kxe7 11. O-O-O Rae8 12. Bc4 Kd8 13. Nh3 Ne5 14. Bb3
h6 15. f3 Ba6 16. Ba4 Re7 17. Rhe1 Bc4 18. Bb3 Bxb3 19. cxb3 Nd3+ 20. Kc2 Nxe1+
21. Bxe1 Rhe8 22. Bd2 Bxc3 23. Bxc3 Re2+ 24. Rd2 Rxd2+ 25. Kxd2 Nxd5 26. Nf2
Nf4 27. Ng4 Re2+ 28. Kd1 Rxg2 29. Bxg7 h5 30. Bf6+ Ke8 31. Ne3 Rxh2 0-1

[Event "I Open Parco del Taro"]
[Site "Collecchio ITA"]
[Date "2004.03.14"]
[Round "5"]
[White "Terbonati, Paolo"]
[Black "Pipitone, Antonio"]
[Result "0-1"]
[WhiteElo "1554"]
[BlackElo "2034"]
[PlyCount "94"]
[EventDate "2004.03.12"]

1. c4 Nf6 2. Nc3 g6 3. g3 Bg7 4. Bg2 d6 5. d3 O-O 6. e4 e5 7. Nge2 Nbd7 8. O-O
Nc5 9. b4 Ne6 10. f4 exf4 11. gxf4 c6 12. Rb1 Ng4 13. Qe1 Nd4 14. Qg3 Bf6 15.
Bh3 h5 16. Kh1 a5 17. Nxd4 Bxd4 18. Ne2 Nf2+ 19. Rxf2 Bxf2 20. Qxf2 Bxh3 21.
Ng1 Bg4 22. Qg3 axb4 23. h3 Bc8 24. f5 Kh7 25. Qe3 Rh8 26. fxg6+ Kxg6 27. Bb2
Rxa2 28. Qg3+ Bg4 29. Bxh8 Qxh8 30. Qxd6+ Be6 31. Qg3+ Kh7 32. Qg5 Qg7 33.
Qxh5+ Kg8 34. Qf3 Ra1 35. Rxa1 Qxa1 36. Qg3+ Kh7 37. Qh4+ Kg6 38. Qg3+ Kf6 39.
Qf4+ Ke7 40. Qc7+ Bd7 41. c5 Qd4 42. Qb6 Qxd3 43. Qxb4 Ke8 44. h4 f5 45. exf5
Bxf5 46. Qf4 Be4+ 47. Kh2 Qc2+ 0-1

[Event "I Open Parco del Taro"]
[Site "Collecchio ITA"]
[Date "2004.03.14"]
[Round "5"]
[White "Vezzosi, Paolo"]
[Black "Pasini, Davide"]
[Result "1-0"]
[WhiteElo "2355"]
[BlackElo "1594"]
[PlyCount "81"]
[EventDate "2004.03.12"]

1. d4 Nf6 2. c4 g6 3. Nc3 Bg7 4. e4 d6 5. Be2 O-O 6. Be3 e5 7. Nf3 Na6 8. O-O
exd4 9. Nxd4 Nc5 10. f3 a5 11. Ndb5 Qe7 12. Qd2 Be6 13. Rac1 Rac8 14. Rfd1 Rfd8
15. Bg5 Rd7 16. Bf1 Qf8 17. Be3 Ne8 18. Nd4 h6 19. Nd5 Ra8 20. Nf4 Rdd8 21.
Ndxe6 Nxe6 22. Nd5 Kh7 23. g3 c6 24. Nb6 Ra6 25. b3 Qe7 26. Qf2 Nc5 27. Na4
Nxa4 28. bxa4 Raa8 29. Rd3 Nc7 30. Rcd1 Ne6 31. Bb6 Rd7 32. Bh3 Bf8 33. Kh1 Qf6
34. f4 Re7 35. Rxd6 Qc3 36. Bxe6 fxe6 37. c5 Qb4 38. R6d4 Qc3 39. R1d3 Qc1+ 40.
Kg2 Qb1 41. Rd1 1-0